Surfovanie po internete počas pracovnej doby

Internet je v súčasnosti považovaný za jeden z najefektívnejších pracovných nástrojov. Zamestnávatelia ho využívajú nielen pri vnútroorganizačnej komunikácii, ale aj pri komunikácii s dodávateľmi, klientmi, či úradmi. V neposlednom rade slúži ako zdroj informácií. Vďaka tomuto všetkému sa stal na m...

Descrizione completa

Salvato in:
Dettagli Bibliografici
Autore principale: Mičudová, Tatiana
Natura: Capitolo di libro
Lingua:slovacco
Soggetti:
Tags: Aggiungi Tag
Nessun Tag, puoi essere il primo ad aggiungerne!!

MARC

LEADER 00000naa a2200000 4500
001 0179043
005 20231208085909.0
041 0 |a slo 
044 |a SK 
245 1 0 |a Surfovanie po internete počas pracovnej doby  |c Tatiana Mičudová 
520 |a Internet je v súčasnosti považovaný za jeden z najefektívnejších pracovných nástrojov. Zamestnávatelia ho využívajú nielen pri vnútroorganizačnej komunikácii, ale aj pri komunikácii s dodávateľmi, klientmi, či úradmi. V neposlednom rade slúži ako zdroj informácií. Vďaka tomuto všetkému sa stal na mnohých pracoviskách nenahraditeľným pracovným nástrojom. 
610 2 0 |a internet 
610 2 0 |a nástroje pracovné 
610 2 0 |a technológie informačné 
610 2 0 |a zamestnávatelia 
610 2 0 |a zamestnanci 
610 2 0 |a kontrola 
610 2 0 |a zákonník práce 
100 1 |a Mičudová, Tatiana